1264 1284 1967 1049 1456 1248 1203 1831 1815 1236 1280 1728 1933 1516 1008 1549 1642 1718 1102 1972 1681 1939 1656 1399 1874 1365 1252 1435 1740 1754 1476 1021 1136 1726 1507 1798 1917 1071 1506 1041 1107 1533 1499 1543 1919 1989 1600 1513 1750 1975 1935 1445 1508 1423 1988 1393 1871 1454 1895 1610 1294 1208 1609 1630 1960 1616 1377 1745 1578 1900 1633 1661 1219 1874 1111 1928 1082 1299 1857 1051 1535 1710 1729 1798 1623 1872 1991 1759 1647 1323 1116 1163 1386 1891 1393 1058 1610 1840 1223 BCNSPRNW ULIB Ver.6.0+V

เปลี่ยนเป็นภาษาไทย

Change to English
 แสดงรายละเอียดบรรณานุกรม
  กลับหน้าหลัก

Brief Record : Get Marc (ISO 2709) : E-mail record : QR code < ปิดหน้าต่าง
LEADER : 00000nam 2200000uu 4500
001    13399114022
003     ULIB
008    110320s||||||||th 000 0 tha d
099    วจ.WA590^bป525ร
100 0  ปัณณธร ชัชวรัตน์
245 00 รูปแบบการส่งเสริมพฤติกรรมสุขภาพของพระสงฆ์/^cปัณณธร ชัชวรัตน์,สุชาดา อินทรกำแหง ณ ราชสีมา,นุศรา วิจิตรแก้ว,วิภา เอี่ยมสำอางค์ กาลามินโร,โรชินี อุปรา,วรรณวดี เนียมสกุล และ ประจวบ แหลมหลัก
260    พะเยา :^bวิทยาลัยเครือข่ายภาคเหนือ,^c2554
300    82 หน้า :^bตาราง
500    รายงานการวิจัย
650  7 การส่งเสริมพฤติกรรมสุขภาพ^xพระสงฆ์^xวิจัย
650  7 พฤติกรรมสุขภาพ^xวิจัย
700 0  สุชาดา อินทรกำแหง ณ ราชสีมา
700 0  นุศรา วิจิตรแก้ว
700 0  วิภา เอี่ยมสำอางค์ กาลามินโร
700 0  โรชินี อุปรา
700 0  วรรณวดี เนียมสกุล
700 0  ประจวบ แหลมหลัก
710 2  วิทยาลัยเครือข่ายภาคเหนือ
945    ^p0^l0^i030987
995    ทศพร
999 ^a ใช้งานได้ทุกระบบ
รายการนี้ยังไม่มีแท็ก
คุณยังไม่ได้ล็อกอิน คุณสามารถมีกิจกรรมร่วมกับเว็บไซต์ได้ แต่ต้องล็อกอินก่อน ::
  ล็อกอิน

รายการสื่อสารสนเทศ

ลำดับที่ ประเภท เลขเรียก/บาร์โค้ด สถานที่ สถานะ
1. งานวิจัย
งานวิจัย
วจ.WA590 ป525ร ฉ.1 
  Barcode: 030987
ห้องสมุดวิทยาเขตสวรรค์ประชารักษ์
►วิจัย
บนชั้น

รายการใกล้เคียง
    ผู้แต่ง [ปัณณธร ชัชวรัตน์]

BibComment


ยังไม่เคยถูกคอมเมนท์

คอมเมนท์ทรัพยากรรายการนี้
  คอมเมนท์: รูปแบบการส่งเสริม..


 Copyright 2026. Bcnsprnw @Library